Suikoden quiz - Statistics

General Stats
  • This quiz has been taken 54 times
  • The average score is 54 of 108
Answer Stats
Hint Answer % Correct
Main character Tir
92%
Wielder of the Star Dragon Sword Viktor
89%
"Blue Lightning" warrior Flik
86%
Beautiful rune mistress Jeane
83%
Oft-confused teleporter Viki
83%
Main character's protector and cook Gremio
81%
True Wind Rune bearer Luc
81%
Main character's always hungry bodyguard Pahn
81%
Strategist's missing brother Leon Silverburg
72%
Trickster's niece Meg
72%
Bespectacled student Apple
69%
Main character's female bodyguard Cleo
69%
Strategist Mathiu Silverburg
69%
Black knight Pesmerga
69%
Comical fisherman Tai Ho
69%
Hooded rifleman Clive
64%
Young dragon knight Futch
64%
Silent swordsman Humphrey Mintz
64%
Green blacksmith Meese
64%
Orange blacksmith Moose
64%
Really, really fast elf Stallion
64%
Fisherman's buddy Yam Koo
64%
"Flower General" Milich Oppenheimer
61%
Red blacksmith Mose
61%
Swordswoman and Falcon Rune user Valeria
61%
Another swordsman who serves General Teo Alen
58%
Reluctant swordsman from Warrior's Village Hix
58%
Trickster and jester Juppo
58%
Female ninja Kasumi
58%
Heroic elven leader Kirkis
58%
Wealthy merchant from Kouan Lepant
58%
Blue blacksmith Maas
58%
Bossy daughter of Warrior's Village chief Tengaar
58%
Mt. Seifu bandit leader Varkas
58%
Ancient magician Crowley
56%
White blacksmith Mace
56%
Elderly knight Maximillian
56%
Window Rune master Window
56%
Chef Antonio
53%
Swordsman who serves General Teo Grenseal
53%
Captain of the Dragon Knights Joshua Levenheit
53%
"Iron Wall" general Kwanda Rosman
53%
Wealthy merchant's slacker son Sheena
53%
Mysterious Mt. Seifu bandit Sydonia
53%
Aristocratic snob Vincent De Boule
53%
Debt collector Camille
50%
Tiger skin-wearing warrior Fu Su Lu
50%
Ninja-for-hire Kage
50%
"Blue Moon" general Kasim Hazil
50%
Brave kobold warrior Kuromimi
50%
Sindar treasure hunter Lorelai
50%
Female dragon knight Milia
50%
Gate guard and herald Qlon
50%
One-eyed elven warrior Rubi
50%
General of the Scarlet Moon navy Sonya Schulen
50%
Mapmaker Templeton
50%
Wealthy merchant's wife Eileen
47%
Sneaky thief Krin
47%
Elderly knight's squire Sancho
47%
Ninja wannabe Fuma
44%
Shipwright and boat builder Gen
44%
Kobold's little brother Gon
44%
Second chef specializing in stews Lester
44%
Legendary doctor and healer Liukan
44%
Innkeeper Marie
44%
Flirtatious dancer Mina
44%
Blind warrior Morgan
44%
Washerwoman Sarah
44%
Female elf Sylvina
44%
Scrivener Tesla
44%
Pirate leader Anji
42%
Farmer who hates people stepping on his plants Blackman
42%
Jewelry-loving noblewoman Esmeralda
42%
Mother Earth Rune wielder Hellion
42%
Main character's fighting instructor Kai
42%
Former executioner Kirke
42%
Red-haired pirate Leonardo
42%
Gender-confused archer and hunter Quincy
42%
Gigantic female warrior Ronnie Bell
42%
Big, bald martial arts master Eikei
39%
Merchant and smuggler from Kirov Kun To
39%
Girl with frequently missing cat Lotte
39%
Sound Rune mistress Melodye
39%
Storehouse manager Rock
39%
Dice gambler Gaspar
36%
Painter Ivanov
36%
Singer and musician Kasios
36%
Elevator inventor Sergei
36%
Armor shop owner Chapman
33%
Card-matching game player Georges
33%
Appraiser Jabba
33%
Alchemist and engineer Kamandol
33%
Female forger Kimberley
33%
Gossipy old woman Onil
33%
Scholar and librarian Hugo
31%
Burly, mild-mannered pirate Kanak
31%
Bath house proprietor Sansuke
31%
Item shop owner Chandler
28%
Cup and coin gambler Marco
28%
Head monk of Qlon Temple Fukien
25%
Commander of the Northern Fortress Griffith
25%
Leader of the Tigerwolf Bandits Kessler
25%
Tigerwolf bandit and tea brewer Ledon
25%
Rich nobleman's servant Taggart
25%
Rich nobleman Warren
25%
Gardener at Qlon Temple Zen
25%
Wealthy merchant's butler Giovanni
22%
Former warrior in hiding at Dragon's Den Kreutz
22%
No matching quizzes found
Score Distribution
Percent of People with Each Score
Percentile by Number Answered
Your Score History
You have not taken this quiz